|
|
|
|
| LEADER |
01546nam a2200385 a 4500 |
| 001 |
000425972 |
| 003 |
CZ BrMZK |
| 005 |
20201111135507.0 |
| 007 |
ta |
| 008 |
990315s1999 xr f 0 cze d |
| 015 |
|
|
|a cnb000766734
|
| 020 |
|
|
|a 80-214-1338-7
|
| 035 |
|
|
|a (OCoLC)43807587
|
| 040 |
|
|
|a BOA001
|b cze
|
| 072 |
|
7 |
|a 004
|x Počítačová věda. Výpočetní technika. Informační technologie
|2 Konspekt
|9 23
|
| 080 |
|
|
|a 681.518.25
|2 MRF
|
| 080 |
|
|
|a 004.8.032.26
|2 MRF
|
| 080 |
|
|
|a (048.8)
|2 MRF
|
| 100 |
1 |
|
|a Najvárek, Jan,
|d 1972-
|7 jn20000620243
|4 aut
|
| 245 |
1 |
0 |
|a Neuronové sítě v prediktivním řízení /
|c Jan Najvárek.
|
| 246 |
3 |
1 |
|a Neural networks in predictive control
|
| 260 |
|
|
|a Brno :
|b Vysoké učení technické,
|c 1999
|
| 300 |
|
|
|a 31 s. ;
|c 21 cm
|
| 490 |
1 |
|
|a Edice PhD Thesis ;
|v sv. 11
|
| 490 |
1 |
|
|a Vědecké spisy Vysokého učení technického v Brně
|
| 500 |
|
|
|a Náz. též angl. - Bibliogr. - Souhrn angl.
|
| 650 |
0 |
7 |
|a prediktivní řízení
|7 ph124585
|2 czenas
|
| 650 |
0 |
7 |
|a neuronové sítě (počítačová věda)
|7 ph115443
|2 czenas
|
| 655 |
|
7 |
|a studie
|7 fd133597
|2 czenas
|
| 710 |
2 |
|
|a Vysoké učení technické v Brně.
|b Ústav automatizace a měřicí techniky
|7 mzk2002195508
|
| 830 |
|
0 |
|a Vědecké spisy Vysokého učení technického v Brně
|
| 830 |
|
0 |
|a Vědecké spisy Vysokého učení technického v Brně.
|p PhD Thesis
|
| 910 |
|
|
|a BOA001
|b 2-1060.711
|
| 990 |
|
|
|a BK
|
| 996 |
6 |
|
|b 2610094936
|c 2-1060.711
|l MZK
|r Sklad / do 1 hodiny
|n 40
|p p.v.
|w 000425972
|u 000010
|a 1
|e BOA001
|j MZK50
|s P
|